000 00974nas a2200289 4500
001 BR2016000773
003 BR-BrBNA
005 20231205130136.0
007 ta
008 230509b bl.|||p| |||| 00| 00por d
040 _aBR-BrBNA
_bpor
_cBiblioteca Nacional de Agricultura
041 _a(En)
072 _aJ11
100 1 _aKasim, R.
100 1 _aKasim, M.U.
245 1 _aBiochemical changes and color properties of fresh-cut green bean (Phaseolus vulgaris L. cv.gina)treated with calcium chloride during storage
650 _aFEIJAO
650 _aPHASEOLUS VULGARIS
650 _aBIOQUIMICA VEGETAL
650 _aARMAZENAMENTO DE ALIMENTO
650 _aESCURECIMENTO
650 _aCOR
773 0 _tFood Science and Technology (Brazil)
_xISSN 1678-457X
_g(Apr-Jun 2015), v. 35(2) p. 266-272
_wBR2016000773
856 4 0 _uhttp://www.scielo.br/pdf/cta/v35n2/0101-2061-cta-35-2-266.pdf
909 _a202311
_bLúcia
_c55
_dLúcia Elande
942 _2AGRIS
_n0
_cANA
999 _c248018
_d248018